[Event "Burjassot U2200 op 4th"]
[Site "Burjassot"]
[Date "2016.09.30"]
[Round "4.20"]
[White "Montoya Hernandez, Ramon"]
[Black "Mora Bort, Miguel Angel"]
[Result "1-0"]
[WhiteElo "1657"]
[BlackElo "1325"]
[PlyCount "69"]
[EventDate "2016.09.09"]
[EventType "swiss"]
[EventRounds "7"]
[EventCountry "ESP"]
[SourceTitle "EXT 2024"]
[Source "ChessBase"]
[SourceDate "2023.10.10"]
[SourceVersion "1"]
[SourceVersionDate "2023.10.10"]
[SourceQuality "1"]

1. d4 Nf6 2. e3 e6 3. Bd3 c5 4. c3 d5 5. Nd2 b6 6. f4 Nc6 7. Ngf3 Bb7 8. 0-0 Be7 9. Ne5 0-0 10. Qf3 Re8 11. g4 Rf8 12. Rf2 a5 13. g5 Nxe5 14. dxe5 Ne4 15. Rg2 g6 16. h4 Rb8 17. h5 Nxd2 18. Bxd2 d4 19. e4 dxc3 20. Bxc3 Rc8 21. hxg6 fxg6 22. Rd1 Qe8 23. Bc4 Rd8 24. Bxe6+ Kh8 25. Bd5 Ba6 26. Rh2 Bxg5 27. Rxh7+ Kxh7 28. Qh3+ Bh6 29. f5 Rxd5 30. Rxd5 Bb5 31. Bd2 gxf5 32. Qxh6+ Kg8 33. Bg5 fxe4 34. Bf6 Qc8 35. Qg7# 1-0

[Event "Burjassot U2200 op 4th"]
[Site "Burjassot"]
[Date "2016.09.23"]
[Round "3.31"]
[White "Mora Bort, Miguel Angel"]
[Black "Jorda Mathiasen, Eivor"]
[Result "1-0"]
[WhiteElo "1325"]
[BlackElo "1049"]
[PlyCount "61"]
[EventDate "2016.09.09"]
[EventType "swiss"]
[EventRounds "7"]
[EventCountry "ESP"]
[SourceTitle "EXT 2024"]
[Source "ChessBase"]
[SourceDate "2023.10.10"]
[SourceVersion "1"]
[SourceVersionDate "2023.10.10"]
[SourceQuality "1"]

1. e4 c6 2. d4 d5 3. e5 Bf5 4. Nf3 e6 5. Be2 Bb4+ 6. c3 Ba5 7. b4 Bc7 8. 0-0 Ne7 9. Bg5 0-0 10. Nbd2 Nd7 11. Nh4 Qe8 12. Ndf3 b6 13. Bxe7 Qxe7 14. Nxf5 exf5 15. Qc2 f6 16. exf6 Qxf6 17. Rfe1 g6 18. Bd3 c5 19. bxc5 bxc5 20. Qa4 Qd6 21. Re2 Nf6 22. Ne5 Ng4 23. Rae1 Rfe8 24. Nxg4 Kg7 25. Rxe8 Rxe8 26. Qxe8 fxg4 27. Qe7+ Kh6 28. Qxd6 Bxd6 29. Re6 Bc7 30. Rc6 Bb6 31. dxc5 1-0